| 000 | 01191nam a2200253 i 4500 | ||
|---|---|---|---|
| 001 | 85436 | ||
| 003 | ES-MaACL | ||
| 005 | 20251214063015.0 | ||
| 007 | t| | ||
| 008 | 041129s1950 sp ||||1| spa d | ||
| 100 | 0 |
_aJuan de la Cruz, _cSanto, _d1542-1591 _967110 |
|
| 245 | 1 | 0 |
_aVida y obras de San Juan de la Cruz / _cbiografía inédita del santo por Crisógono de Jesús ; prólogo general, introducciones, revisión del texto, notas e índices de Lucinio del S.S. Sacramento ; revisión del texto póstumo y notas críticas por Matías del Niño Jesús ; introducción a la "Llama del amor viva" por Alberto de la V. del Carmen. |
| 260 |
_aMadrid : _bEditorial Católica, _c1950. |
||
| 300 |
_aXXXIX, 1431 p. : _bil. ; _c20 cm. |
||
| 490 | 1 |
_aBiblioteca de autores cristianos ; _v15 |
|
| 700 | 0 |
_aCrisógono de Jesús Sacramentado ( _d1904-1945) _941621 |
|
| 700 | 1 |
_aLucinio del Santísimo Sacramento. _974590 |
|
| 700 | 1 |
_aMatías del Niño Jesús. _979064 |
|
| 700 | 1 |
_aAlberto de la Virgen del Carmen. _919362 |
|
| 830 | 0 | 0 |
_aBiblioteca de autores cristianos _v15 _9178679 |
| 852 |
_aES-MaACL _jD-5881 _bR.30981 |
||
| 852 |
_aES-MaACL _jJ-16 |
||
| 999 |
_c85436 _d85436 |
||